00345nam a2200145Ia 4500003000400000005001700004008004000021040000700061041001200068082001800080100002700098245003600125260003000161300000800191OSt20220615115331.0210210b1983 xxu||||| |||| 00| 0 eng d cAL aEnglish a891.469E PERD aPEREIRA (Antonio Luis) aDalgado the man and the scholar aNDbSahitya Akademic1983 a104